Vowel-less Movie Titles V Quiz Stats

Quiz Updated Jun 14, 2016

Challenge
Share
Tweet
Embed
Score 0/20 Timer 05:00
0 Plays Today
Title Without Vowels Full Title % Correct
KNG KNGKing Kong
98.6%
MN GRLSMean Girls
98.3%
TH JNGL BKThe Jungle Book
96.4%
SPTLGHTSpotlight
96.4%
TH NCRDBLSThe Incredibles
95.7%
RMGDDNArmageddon
95.3%
SLPLSS N STTLSleepless in Seattle
95%
GN GRLGone Girl
94.8%
JMNJJumanji
93.1%
NTRSTLLRInterstellar
92.4%
Title Without Vowels Full Title % Correct
TH BG LBWSKThe Big Lebowski
91.8%
BT ND TH BSTBeauty and the Beast
88.7%
BNG JHN MLKVCHBeing John Malkovich
87.8%
MLFCNTMaleficent
85.5%
NTR TH DRGNEnter the Dragon
82.5%
X MCHNEx Machina
66.8%
TH BRN DNTTThe Bourne Identity
55%
DCK SPDuck Soup
49.9%
MNNSMinions
47.9%
TH MTTN GMThe Imitation Game
35.1%

You're not logged in!

Compare scores with friends on all Sporcle quizzes.
Join for Free
OR
Log In

You Might Also Like...

Show Comments

Extras

Top Quizzes Today


Score Distribution

Your Account Isn't Verified!

In order to create a playlist on Sporcle, you need to verify the email address you used during registration. Go to your Sporcle Settings to finish the process.

Report this User

Report this user for behavior that violates our Community Guidelines.

Details: